| 000 | 00465pab a2200169 454500 | ||
|---|---|---|---|
| 008 | 180718b2000 xxu||||| |||| 00| 0 eng d | ||
| 100 | _aKakwani, Nanak | ||
| 245 | _aLong-term trends and economic crisis in Korean social sector | ||
| 260 | _c2000 | ||
| 300 | _ap.467-88 | ||
| 362 | _aJul-Sep | ||
| 650 | _aEconomic recession - Korea | ||
| 650 | _aEconomic recession | ||
| 700 | _aSon, Hyun H. | ||
| 773 | _aIndian Journal of Labour Economics | ||
| 909 | _a47254 | ||
| 999 |
_c47254 _d47254 |
||